Joueurs de football par photo - Ligue 1 2023-24 - Statistiques

Statistiques générales
  • Ce quiz a été pris 706 fois
  • Le résultat moyen est 10 sur 18
Statistiques - réponses
Par images Réponse % Correct
Kylian Mbappé
100%
Khéphren Thuram
92%
Rayan Cherki
88%
Aleksandr Golovin
84%
Amine Gouiri
83%
Jonathan David
83%
Alban Lafont
82%
Elye Wahi
81%
Ismaïla Sarr
66%
Lilian Brassier
45%
Thijs Dallinga
44%
Eli Junior Kroupi
36%
Akor Adams
27%
Lamine Camara
27%
Marshall Munetsi
25%
Habib Diarra
23%
Muhammed Cham
18%
Daler Kuziaev
4%
Aucun quiz correspondant
Distribution des résultats
% des personnes avec chaque résultat
Percentile par nombre de réponses
Votre historique - résultats
Vous n’avez pas pris ce quiz